00265nam a22001097a 4500003000400000020001800004082001800022100001900040245005900059260003000118300000700148SGT a9783642127038 a617.643bC11K aKau, Chung Kau aCone beam CT of the Head and NeckbAn Anatomical Atlas aNew York bSpringerc2011 a61